Brown's Operating System Services Limited v Southwark Roman Catholic Diocesan Corporation (Record no. 106675)
[ view plain ]
| 000 -LEADER | |
|---|---|
| fixed length control field | 02047cam a2200205 4500 |
| 001 - CONTROL NUMBER | |
| control field | L137176 |
| 008 - FIXED-LENGTH DATA ELEMENTS--GENERAL INFORMATION | |
| fixed length control field | 070320s2007 xxk f 000 0 eng d |
| 035 ## - SYSTEM CONTROL NUMBER | |
| System control number | (Sirsi) u137176 |
| 041 0# - LANGUAGE CODE | |
| Language code of text/sound track or separate title | eng |
| 245 00 - TITLE STATEMENT | |
| Title | Brown's Operating System Services Limited v Southwark Roman Catholic Diocesan Corporation |
| Medium | [electronic resource] |
| 260 ## - PUBLICATION, DISTRIBUTION, ETC. | |
| Date of publication, distribution, etc. | 2007 |
| 520 ## - SUMMARY, ETC. | |
| Summary, etc. | [2007] EWCA Civ 164, 01 March 2007. The appellant tenant appealed against a decision upholding the claim of the respondent landlord for unpaid service charges. The landlord's policy in relation to the service charge was to build up a surplus to cover future expenditure by retaining the excess of the service charges paid by tenants over the amount actually spent. When the surplus reached a substantial sum the tenant refused to pay the last two quarters' service charge on the basis that the surplus held by the landlord more than covered those two quarters. The landlord sued and the judge held that the surplus was a reserve fund that had been built up for the benefit of the building and that the landlord was entitled to retain it at the end of the lease. The tenant submitted that the definition of the "total service cost" in the lease was such that it did not cover the making of any provision for future costs. ?Held?: the terms of the lease did allow the landlord to include in the total service cost a sum as reasonable provision for expenditure likely to be incurred, however, that provision could only extend to expenditure likely to be incurred during the currency of the lease. The lease did not provide for the creation of a reserve fund. |
| 590 ## - LOCAL NOTE (RLIN) | |
| Local note | KA |
| 650 24 - SUBJECT ADDED ENTRY--TOPICAL TERM | |
| Topical term or geographic name entry element | BROWN'S OPERATING SYSTEM SERVICES LTD V SOUTHWARK ROMAN CATHOLIC DIOCESAN CORPORATION |
| 650 24 - SUBJECT ADDED ENTRY--TOPICAL TERM | |
| Topical term or geographic name entry element | SECRETARY OF STATE FOR THE ENVIRONMENT V POSSFUND |
| 651 #4 - SUBJECT ADDED ENTRY--GEOGRAPHIC NAME | |
| Geographic name | LONDON |
| 690 ## - LOCAL SUBJECT ADDED ENTRY--TOPICAL TERM (OCLC, RLIN) | |
| Topical term or geographic name as entry element | PROPERTY-COMMERCIAL PROPERTY-COMMERCIAL LANDLORD AND TENANT-COMMERCIAL LEASES |
| 856 40 - ELECTRONIC LOCATION AND ACCESS | |
| Uniform Resource Identifier | <a href="https://www.bailii.org/ew/cases/EWCA/Civ/2007/164.htm">https://www.bailii.org/ew/cases/EWCA/Civ/2007/164.htm</a> |
| Public note | View the item free of charge at www.bailii.org... |
| 942 ## - ADDED ENTRY ELEMENTS (KOHA) | |
| Suppress in OPAC | 0 |
| Withdrawn status | Lost status | Source of classification or shelving scheme | Damaged status | Not for loan | Home library | Current library | Shelving location | Date acquired | Total Checkouts | Full call number | Barcode | Date last seen | Copy number | Price effective from | Koha item type |
|---|---|---|---|---|---|---|---|---|---|---|---|---|---|---|---|
| Dewey Decimal Classification | Virtual | Virtual | Online | 20/03/2007 | ONLINE PUBLICATION | 137176-1001 | 06/08/2019 | 1 | 06/08/2019 | Book |